Statystyki dla Quiz O Straży Pożarnej Dla Kolegi Staregracego

Kliknij tutaj aby rozwiązać quiz!

Ogólne statystyki

  • Ten quiz został rozwiązany 450 razy
  • Średni wynik to 6 z 15

Statystyki odpowiedzi

PytaniaOdpowiedzi% Poprawnych
Co to PSP?Panstwowa Straz Pozarna
98%
Co to JRG?Jednostka Ratowniczo Gasnicza
89%
Czy Na Wyposarzeniu Pojazdu Ratownicwa Chemicznego znajdują sie ubrania gazoszczelne,sorbet i ubrania kwaso-ługo odporne?Tak
71%
Czy jednostka KP PSP Ogółem ma pojazdy bojowe typu GBA bądz GCBA?Nie
59%
Co to GBA?Gasniczy Beczka Autopompa
56%
Co to GCBA?Gasniczy Ciezki Beczka Autopompa
55%
Wóz Pierwszo-Wyjazdowy Jest Określany Numerem.21
46%
Jakim Numerem Oznaczony Jest Pojazd Drugo-Wyjazdowy GCBA?25
40%
Kto dysponuje OSP na miejsce zdarzenia?PSP
31%
Jak Określany jest nakaz opuszczenia danego terenu zagożenia w koresponencji radiowej?GEJZER
22%
Czego Pożary zaliczamy do grupy D?Metali
20%
Jak określany jest kierujący działaniem ratunkowym w korespondencji radiowej?Karat
16%
Jak nazywane jest narzedzie tnąco-rozpierające.Kombi
12%
Aparat Ochrony Dróg Odechowych to inaczej?AOUO
9%
Zakłada sie przy wypadkach na szyje poszkodowanego.Kołniez Ortopedyczny
9%

Rozkład punktacji

Percentyl według liczby udzielonych odpowiedzi

Procent ludzi z każdym wynikiem

Twoja historia wyników

Nie rozwiązałeś tego quizu